000 00859nam a22002417a 4500
005 20240916073412.0
008 240916b ||||| |||| 00| 0 eng d
020 _a9780367647902 (hardback)
020 _a9780367647896 (paperback)
020 _a9781003126287 (ebook)
040 _aCO-BoUCM
_cDavid Moreno
_dDavid Moreno
041 _aeng
100 1 _aStern, Lawrence
_d1935-
_9182813
245 1 0 _aStage management
_cLawrence Stern and Jill Gold.
250 _a12a. Ed
260 _aNew York, NY
_bFocal Press, Taylor & Francis Group
_c2022
300 _axvii, 361 Paginas
_bilustraciones a color
504 _aIncluye referencias bibliográficas e índices
650 1 4 _aTeatro
_xDirección de escena
_9182814
700 1 _aGold, Jill
_9101384
942 _2DEWEY
_a17
_cLIBRO
_e12
_h792.33
_mS839s
_n0
999 _c324741
_d324741